| 000 | 00759cam a2200265Ma 4500 | ||
|---|---|---|---|
| 001 | 87257 | ||
| 005 | 20230411090045.0 | ||
| 008 | 830304s1980 ohua p 001 0 eng d | ||
| 035 | _a(OCoLC)ocn220360419 | ||
| 040 |
_aAU@ _beng _cAU@ _dOCLCQ |
||
| 029 | 0 |
_aAU@ _b000002705230 |
|
| 035 | _a(OCoLC)220360419 | ||
| 082 | 0 | 4 |
_a621.5/07 _219 |
| 049 | _aGRAL | ||
| 245 | 0 | 0 |
_aIndustrial pneumatic technology / _c[Parker Fluidpower]. |
| 260 |
_aCleveland, Ohio : _bParker Hannifin, _cc1980. |
||
| 300 |
_aii, 151 p. : _bill. ; _c28 cm. |
||
| 490 | 0 |
_aBulletin ; _v0275-B1 |
|
| 500 | _aIncludes index. | ||
| 650 | 0 |
_aPneumatics _xProgrammed instruction. |
|
| 710 | 2 | _aParker-Hannifin Corporation. | |
| 942 |
_2lcc _cbk |
||
| 994 |
_aC0 _bDRFGD |
||
| 946 | _ardc | ||
| 999 |
_c111724 _d111724 |
||